000 00255nam a2200097Ia 4500
001 797465
005 20250826170808.0
008 250824s9999 xx 000 0 und d
245 0 _aSERMAYEM YOK DERDİMDEN BAŞKA
_cSERDAR TUNÇER
260 _bKETEBE YAYINLARI
999 _c797465
_d797465